Waste water treatment / (Record no. 754391)

MARC details
000 -LEADER
fixed length control field 00445nam a2200169 4500
020 ## - INTERNATIONAL STANDARD BOOK NUMBER
ISBN 9788120417120
082 ## - DEWEY DECIMAL CLASSIFICATION NUMBER
Classification number 628.162 RAO/W
084 ## - OTHER CLASSIFICATION NUMBER
Source of Number Colon Classification
100 ## - MAIN ENTRY--AUTHOR NAME
Personal name Rao, M N
245 ## - TITLE STATEMENT
Title Waste water treatment /
Statement of responsibility, etc by M N Rao and A K Datta
250 ## - EDITION STATEMENT
Edition statement 3rd ed.
260 ## - PUBLICATION, DISTRIBUTION, ETC. (IMPRINT)
Place of publication New Delhi :
Name of publisher CBS Publishers,
Year of publication 2022.
300 ## - PHYSICAL DESCRIPTION
Number of Pages 388p.:
700 ## - ADDED ENTRY--PERSONAL NAME
Personal name Datta, A K
942 ## - ADDED ENTRY ELEMENTS (KOHA)
Source of classification or shelving scheme Dewey Decimal Classification
Koha item type Book
Holdings
Withdrawn status Lost status Source of classification or shelving scheme Damaged status Not for loan Home Library Current Location Shelving location Date acquired Source of acquisition Cost, normal purchase price Full call number Accession Number Cost, replacement price Price effective from Koha item type
    Dewey Decimal Classification     Institute of Management Institute of Management General Stacks 18/12/2025 Modern Book Centre,TVM 525.00 628.162 RAO/W IMK17728 525.00 18/12/2025 Book